00298nam a2200121Ia 4500008004100000100001500041245003000056260003000086300000800116650003000124942000700154999001500161190216s9999||||xx |||||||||||||| ||und|| aPrasad L M 0aHuman Resource Management bSulthan Chand&Sonsc2004 a799 aHuman Resource Management cBK c6585d6585